| 000 | 00927nam a2200241 a 4500 | ||
|---|---|---|---|
| 001 | 000013887 | ||
| 005 | 20200929163403.0 | ||
| 008 | 720331s1961 sp 000 0 spa | ||
| 040 |
_aDO-SdBNP _bspa _cBNPHU |
||
| 082 |
_a327.47051 _bC532r |
||
| 100 | 1 |
_aChiang, Kai-shek, _d1887-1975. _93792 |
|
| 240 | 1 | 0 |
_aSoviet Russia in China. _lEspañol |
| 245 | 1 | 0 |
_aLa Rusia soviética en China : _bun resumen a los setenta años / _cChiang Chung-cheng (Chiang Kai-shek); versión española Eduardo Peña Abizanda. |
| 260 |
_aMadrid, España : _bEditora Nacional, _c1961. |
||
| 300 |
_a409 p. : _bil. ; _c21 cm. |
||
| 534 |
_aTítulo original: _tSoviet Russia in China. |
||
| 651 | 4 |
_aRusia _xRelaciones Exteriores _zChina _931461 |
|
| 651 | 4 |
_aChina _xRelaciones Exteriores _zRusia _931462 |
|
| 650 | 4 |
_aComunismo _zChina _xHistoria _93793 |
|
| 700 | 1 |
_aPeña Abizanda, Eduardo _931463 |
|
| 910 | _aCatalogación derivada | ||
| 049 | _aBNGR | ||
| 999 |
_c13493 _d13493 |
||